| 000 | 00702nam a2200217Ia 4500 | ||
|---|---|---|---|
| 005 | 20260415165600.0 | ||
| 008 | 260406s9999 xx 000 0 und d | ||
| 022 | _a3065-7369 | ||
| 041 | _aeng | ||
| 245 | 0 | _aJournal of Higher Education, Athletics, Labor & Innovation | |
| 264 | 1 |
_aUnited States: _bUniversity of Oklahoma Libraries, _c2024. |
|
| 336 |
_2rdacontent _atext _btxt |
||
| 337 |
_2rdamedia _acomputer _bc |
||
| 338 |
_2rdacarrier _aonline resource _bcr |
||
| 540 | _fCC BY-NC-ND | ||
| 653 | _aSocial Sciences | ||
| 710 | 2 | _aThe Directory of Open Access Journals | |
| 856 | _uhttps://doaj.org/toc/42b8afae467640eb98a8b590eb78d0b0 | ||
| 856 | _uhttps://jheali.org | ||
| 942 | _cE-JOURNAL | ||
| 999 |
_c100086 _d100083 |
||